| 000 | 00957nam a2200313Ia 4500 | ||
|---|---|---|---|
| 008 | 220216s9999 xx 000 0 und d | ||
| 100 | _aRattanawong R | ||
| 245 | 0 | _aQTLs detection for growth and initial latex production in rubber (Hevea brasiliensis) | |
| 260 | _bIRRDB Natural Rubber Conference 2008, 13-15 October 2008, Kuala Lumpur, Malaysia: Abstract of papers | ||
| 500 | _aSource Year: 2008 | ||
| 650 | _aEthephon stimulation | ||
| 650 | _aGenetic correlations | ||
| 650 | _aGenetic linkage map | ||
| 650 | _aGrowth | ||
| 650 | _aHeritability | ||
| 650 | _aLatex diagnostic | ||
| 650 | _aLatex production | ||
| 650 | _aMarker assisted selection | ||
| 650 | _aPlugging index | ||
| 650 | _aQuantitative Trait Loci (QTLs) | ||
| 700 | _aClement-Demange A | ||
| 700 | _aKasemsap P | ||
| 700 | _aLekawipat N | ||
| 700 | _aPrapan K | ||
| 700 | _aSeguin M | ||
| 700 | _aTeerawatannasuk K | ||
| 856 | _uAbst only | ||
| 942 | _cJS | ||
| 999 |
_c66146 _d66146 |
||